000 00378cam a2200157ua 4500
041 _aeng
_h
082 _a028.73666
_bDOD/DI
100 _aDodd, A E .
245 _aDictionary of ceramics /
_cA E Dodd.
_hTextual Documents
250 _a1 /
_b.
260 _aLondon :
_bGeorge Newnes Ltd ,
_c1964.
300 _a327 ; .
504 _a
942 _cBK
999 _c10878
_d10878